| 000 | 00838nas a2200289 4500 | ||
|---|---|---|---|
| 001 | BR0806558 | ||
| 003 | BR-BrBNA | ||
| 005 | 20231205112139.0 | ||
| 007 | ta | ||
| 008 | 230509b bl.|||p| |||| 00| 00por d | ||
| 040 |
_aBR-BrBNA _bpor _cBiblioteca Nacional de Agricultura |
||
| 041 | _a(Pt) | ||
| 072 | _aL20; L60 | ||
| 100 | 1 | _aJulião, G.R. | |
| 100 | 1 | _aAmaral, M.E.C. | |
| 100 | 1 | _aFernandes, G.W. | |
| 245 | 1 | _aGalhas de insetos e suas plantas hospedeiras no Pantanal Sul-Mato-Grossense | |
| 650 | _aINSETO | ||
| 650 | _aECOLOGIA | ||
| 650 | _aPLANTA HOSPEDEIRA | ||
| 650 | _aDISTRIBUIÇÃO GEOGRÁFICA | ||
| 650 | _aPANTANAL | ||
| 650 | _aMATO GROSSO DO SUL | ||
| 773 | 0 |
_tNaturalia (Brazil) _xISSN 0001-1944 _g(2002), v. 27 p. 47-74 _wBR0806558 |
|
| 909 |
_a202311 _bLúcia _c55 _dLúcia Elande |
||
| 942 |
_2AGRIS _n0 _cANA |
||
| 999 |
_c196354 _d196354 |
||